Statistieken voor Wereldkaart - Tegelquiz

Klik hier om de quiz te nemen!

Algemene statistieken

  • Deze quiz is 56 keer genomen
  • De gemiddelde score is 53 van 80

Antwoordstatistieken

VraagVakSelect% Correct
een land bevatten met een bevolking hoger dan 1 miljard.Nee
100%
een land bevatten met een bevolking hoger dan 1 miljard.Nee
98%
een land bevatten met een bevolking hoger dan 1 miljard.Nee
98%
een land bevatten met een bevolking hoger dan 1 miljard.Nee
98%
een land bevatten met een bevolking hoger dan 1 miljard.Nee
98%
een land bevatten met een bevolking hoger dan 1 miljard.Nee
92%
een land bevatten met een bevolking hoger dan 1 miljard.Ja
88%
een land bevatten met een bevolking hoger dan 1 miljard.Ja
88%
een land bevatten met een bevolking hoger dan 1 miljard.Nee
88%
een land bevatten met een bevolking hoger dan 1 miljard.Nee
85%
een land bevatten met een bevolking hoger dan 1 miljard.Nee
79%
een land bevatten dat met een R begint (in het Nederlands).Nee
77%
drie of minder landen bevatten.Nee
77%
drie of minder landen bevatten.Nee
77%
drie of minder landen bevatten.Nee
77%
drie of minder landen bevatten.Nee
77%
drie of minder landen bevatten.Nee
77%
drie of minder landen bevatten.Nee
77%
een land bevatten dat met een R begint (in het Nederlands).Nee
77%
een land bevatten dat met een R begint (in het Nederlands).Nee
77%
drie of minder landen bevatten.Nee
77%
drie of minder landen bevatten.Nee
77%
een land bevatten dat met een R begint (in het Nederlands).Ja
77%
een land bevatten dat met een R begint (in het Nederlands).Nee
77%
een land bevatten dat met een R begint (in het Nederlands).Nee
77%
drie of minder landen bevatten.Ja
77%
een land bevatten dat met een R begint (in het Nederlands).Nee
75%
drie of minder landen bevatten.Nee
75%
een land bevatten dat met een R begint (in het Nederlands).Nee
75%
een land bevatten dat met een R begint (in het Nederlands).Nee
75%
drie of minder landen bevatten.Nee
75%
een land bevatten dat met een R begint (in het Nederlands).Nee
75%
drie of minder landen bevatten.Nee
75%
grondgebied van het VK bevatten (overzeese gebieden inbegrepen).Ja
75%
landen bevatten die aan geen enkele zee grenzen (landlocked).Ja
75%
een land bevatten dat met een R begint (in het Nederlands).Nee
75%
landen bevatten die aan geen enkele zee grenzen (landlocked).Ja
73%
landen bevatten die aan geen enkele zee grenzen (landlocked).Nee
73%
landen bevatten die aan geen enkele zee grenzen (landlocked).Nee
73%
een land bevatten met een bevolking hoger dan 1 miljard.Nee
73%
een land bevatten dat met een R begint (in het Nederlands).Nee
73%
een land bevatten dat met een R begint (in het Nederlands).Ja
73%
landen bevatten die aan geen enkele zee grenzen (landlocked).Nee
71%
grondgebied van het VK bevatten (overzeese gebieden inbegrepen).Nee
71%
landen bevatten die aan geen enkele zee grenzen (landlocked).Nee
71%
landen bevatten die aan geen enkele zee grenzen (landlocked).Ja
71%
landen bevatten die aan geen enkele zee grenzen (landlocked).Nee
71%
landen bevatten die aan geen enkele zee grenzen (landlocked).Nee
71%
grondgebied van het VK bevatten (overzeese gebieden inbegrepen).Nee
71%
grondgebied van het VK bevatten (overzeese gebieden inbegrepen).Nee
71%
landen bevatten die aan geen enkele zee grenzen (landlocked).Ja
67%
grondgebied van het VK bevatten (overzeese gebieden inbegrepen).Nee
65%
een land bevatten met een bevolking hoger dan 1 miljard.Nee
65%
grondgebied van het VK bevatten (overzeese gebieden inbegrepen).Nee
65%
drie of minder landen bevatten.Nee
65%
drie of minder landen bevatten.Ja
63%
een land bevatten met een bevolking hoger dan 1 miljard.Ja
63%
een land bevatten dat met een R begint (in het Nederlands).Ja
60%
landen bevatten die aan geen enkele zee grenzen (landlocked).Ja
60%
grondgebied van het VK bevatten (overzeese gebieden inbegrepen).Nee
58%
landen bevatten die aan geen enkele zee grenzen (landlocked).Ja
54%
landen bevatten die aan geen enkele zee grenzen (landlocked).Ja
54%
landen bevatten die aan geen enkele zee grenzen (landlocked).Ja
52%
landen bevatten die aan geen enkele zee grenzen (landlocked).Ja
50%
een land bevatten met een bevolking hoger dan 1 miljard.Ja
50%
een land bevatten met een bevolking hoger dan 1 miljard.Ja
48%
grondgebied van het VK bevatten (overzeese gebieden inbegrepen).Nee
48%
drie of minder landen bevatten.Ja
48%
drie of minder landen bevatten.Nee
46%
landen bevatten die aan geen enkele zee grenzen (landlocked).Ja
44%
grondgebied van het VK bevatten (overzeese gebieden inbegrepen).Ja
44%
een land bevatten dat met een R begint (in het Nederlands).Ja
35%
grondgebied van het VK bevatten (overzeese gebieden inbegrepen).Ja
25%
grondgebied van het VK bevatten (overzeese gebieden inbegrepen).Ja
21%
grondgebied van het VK bevatten (overzeese gebieden inbegrepen).Ja
19%
grondgebied van het VK bevatten (overzeese gebieden inbegrepen).Ja
19%
grondgebied van het VK bevatten (overzeese gebieden inbegrepen).Ja
15%
grondgebied van het VK bevatten (overzeese gebieden inbegrepen).Nee
15%
grondgebied van het VK bevatten (overzeese gebieden inbegrepen).Ja
10%
een land bevatten dat met een R begint (in het Nederlands).Ja
10%

Scoreverdeling

Percentiel versus Aantal Correcte Antwoorden

Procent van Mensen met Elke Score

Uw Scoregeschiedenis

U heeft deze quiz nog niet genomen